00734nam a2200193 a 450000100100000000500170001000800410002704000250006808200160009311000290010924500630013826000470020130000210024850400740026953400280034370000320037195201200040399900170052300002309720200930022003.0101126s1972 ag r 000 0 spa d aDO-SdBNPbspacBNPHU axxxxbA512b1 aAmerican Assembly94755313aLa batalla contra el hambre /ctraducción Gerardo Mayer. aBuenos Aires, Argentina :bTroquel,c1972. a204 p. ;c20 cm. aIncluye referencias bibliográficas y notas al pie de las páginas. aOvercoming World Hunger1 aMayer, Gerardo,etr.947554 001054708MOaGRbGRcCTd2010-11-26iLF1l0oxxxx A512bp23097-10r2020-06-25w2020-06-25y4ZPréstamo en sala c22594d22594